[Event "Santa Eugenia op 17th"]
[Site "Santa Eugenia"]
[Date "2023.07.31"]
[Round "2"]
[White "Farre I Benseny, Miquel"]
[Black "Moran Cabezas, Eric"]
[Result "1-0"]
[WhiteElo "2039"]
[BlackElo "1680"]
[PlyCount "179"]
[EventDate "2023.07.31"]
[EventType "swiss"]
[EventRounds "9"]
[EventCountry "ESP"]
[SourceTitle "CBM 215 Extra"]
[Source "ChessBase"]
[SourceDate "2023.09.30"]
[SourceVersion "1"]
[SourceVersionDate "2023.09.30"]
[SourceQuality "1"]

1. e4 c5 2. c3 Nf6 3. e5 Nd5 4. d4 cxd4 5. Nf3 Nc6 6. cxd4 d6 7. Bc4 Nb6 8. Bb5 dxe5 9. Nxe5 Bd7 10. Nxd7 Qxd7 11. Nc3 e6 12. 0-0 a6 13. Bxc6 Qxc6 14. Bg5 Bd6 15. Rc1 0-0 16. Re1 Qd7 17. d5 Nxd5 18. Nxd5 exd5 19. g3 h6 20. Be3 Bb4 21. Re2 Rac8 22. Rec2 Rxc2 23. Qxc2 Bd6 24. Rd1 Qc6 25. Qb3 Bc5 26. Bxc5 Qxc5 27. Qxb7 d4 28. Qxa6 Qc2 29. Rxd4 Qxb2 30. Qc4 Qb1+ 31. Kg2 Qb7+ 32. f3 Rc8 33. Qe2 Qa7 34. Rd2 Qa4 35. Qd3 Re8 36. Kf2 Qa7+ 37. Qd4 Qa3 38. Qb2 Qa7+ 39. Qd4 Qa3 40. Qd3 Qc1 41. Rd1 Qb2+ 42. Qd2 Qa3 43. Rc1 Rb8 44. Rc2 Qa7+ 45. Qe3 Qa4 46. Rd2 Re8 47. Qb3 Qa7+ 48. Kg2 Ra8 49. Qc3 Re8 50. Qc6 Qe3 51. Rf2 Rd8 52. Qe4 Qa3 53. Rc2 Rb8 54. Qe5 Rd8 55. g4 Qd3 56. Qe4 Qa3 57. Kg3 Qd6+ 58. Qf4 Qd1 59. Qc1 Qd6+ 60. Kg2 Qd3 61. a4 Qa6 62. Qf4 Rd1 63. Qb8+ Kh7 64. Qb5 Qxb5 65. axb5 Rb1 66. Rc5 Kg6 67. Rc6+ Kg5 68. Kg3 Rg1+ 69. Kf2 Rb1 70. b6 Kf4 71. Rc4+ Ke5 72. Rc7 Rxb6 73. Rxf7 g5 74. Kg3 Ke6 75. Rf5 Rb3 76. h4 gxh4+ 77. Kxh4 Rb6 78. Kh5 Ke7 79. f4 Rd6 80. g5 hxg5 81. fxg5 Rd1 82. Rf2 Rd6 83. g6 Rd3 84. Kh6 Rh3+ 85. Kg7 Rg3 86. Re2+ Kd6 87. Kf7 Rf3+ 88. Kg8 Rg3 89. g7 Rxg7+ 90. Kxg7 1-0

[Event "Platja d'Aro op 9th"]
[Site "Platja d'Aro"]
[Date "2022.12.27"]
[Round "2"]
[White "Villalba Pons, Guillem"]
[Black "Moran Cabezas, Eric"]
[Result "1-0"]
[WhiteElo "1619"]
[BlackElo "1378"]
[PlyCount "73"]
[EventDate "2022.12.26"]
[EventType "swiss"]
[EventRounds "9"]
[EventCountry "ESP"]
[SourceTitle "CBM 211 Extra"]
[Source "ChessBase"]
[SourceDate "2023.01.31"]
[SourceVersion "1"]
[SourceVersionDate "2023.01.31"]
[SourceQuality "1"]

1. d4 Nf6 2. Nf3 d5 3. e3 Bf5 4. Bd3 Bg6 5. b3 e6 6. 0-0 Nbd7 7. Bb2 Bd6 8. c4 c6 9. Qc2 Ne4 10. Nbd2 Ndf6 11. Ne5 Bxe5 12. dxe5 Nxd2 13. Qxd2 Ne4 14. Bxe4 Bxe4 15. f3 Bg6 16. Ba3 Qc7 17. Bd6 Qd7 18. Rad1 f6 19. Qd4 fxe5 20. Qxe5 0-0-0 21. c5 b6 22. b4 Kb7 23. a4 Bc2 24. Ra1 Bd3 25. Rfd1 Bc4 26. a5 b5 27. a6+ Ka8 28. Rd4 h5 29. Rf4 h4 30. Qg5 h3 31. gxh3 Rxh3 32. Rf7 Qc8 33. Rc7 Qxc7 34. Bxc7 Rf8 35. Bd6 Re8 36. Qxg7 Rb8 37. Bxb8 1-0